វចនានុក្រមរួបភាព : (Record no. 8223)
[ view plain ]
| 000 -LEADER | |
|---|---|
| fixed length control field | 02109nam a22002177a 4500 |
| 001 - CONTROL NUMBER | |
| control field | 8223 |
| 003 - CONTROL NUMBER IDENTIFIER | |
| control field | FISKH |
| 005 - DATE AND TIME OF LATEST TRANSACTION | |
| control field | 20251016151650.0 |
| 008 - FIXED-LENGTH DATA ELEMENTS--GENERAL INFORMATION | |
| fixed length control field | 250903b cb ||||| |||| 00| 0 eng d |
| 020 ## - INTERNATIONAL STANDARD BOOK NUMBER | |
| International Standard Book Number | 9789995001667 |
| 040 ## - CATALOGING SOURCE | |
| Original cataloging agency | FISKH |
| Language of cataloging | khmr |
| Transcribing agency | FISKH |
| Modifying agency | FISKH |
| 082 ## - DEWEY DECIMAL CLASSIFICATION NUMBER | |
| Classification number | 495.91 |
| 100 ## - MAIN ENTRY--PERSONAL NAME | |
| Personal name | Vibol, Ouk |
| 245 ## - TITLE STATEMENT | |
| Title | វចនានុក្រមរួបភាព : |
| Remainder of title | Picture Dictionary / |
| 260 ## - PUBLICATION, DISTRIBUTION, ETC. | |
| Place of publication, distribution, etc. | Phnom Penh : |
| Name of publisher, distributor, etc. | Misnistry of Youth and Sport, |
| Date of publication, distribution, etc. | 2014. |
| 300 ## - PHYSICAL DESCRIPTION | |
| Extent | 64 pages : |
| Other physical details | color illustrations ; |
| Dimensions | 30 cm |
| 520 ## - SUMMARY, ETC. | |
| Summary, etc. | សៀវភៅនេះគឺជាវចនានុក្រមរូបភាព ដែលជួយឲ្យអ្នកសិក្សា ពិសេសសិស្សក្មេង បង្កើនសមត្ថភាពពាក្យសព្ទតាមរូបភាព។ រាល់ទំព័រតភ្ជាប់ពាក្យជាមួយរូបភាពច្បាស់លាស់ ធ្វើឲ្យយល់ និងចងចាំអត្ថន័យបានងាយស្រួល។ សៀវភៅគ្របដណ្តប់អំពីវត្ថុ ការប្រព្រឹត្ត និងគំនិតទូទៅក្នុងជីវិតប្រចាំថ្ងៃ ត្រូវបានរៀបចំយ៉ាងសាមញ្ញ និងមានរបៀបប្រើប្រាស់ងាយស្រួលសម្រាប់អ្នករៀនភាសា និងការបង្រៀននៅថ្នាក់។ |
| 520 ## - SUMMARY, ETC. | |
| Summary, etc. | This book is a picture dictionary designed to help learners, especially young students, expand their vocabulary in a visual and engaging way. Each page pairs words with clear illustrations, making it easier to understand and remember the meanings. It covers common objects, actions, and concepts from daily life, organized in a simple and systematic way. The book supports language learning by combining visual cues with text, making it suitable for early readers, language learners, and classroom use. |
| 942 ## - ADDED ENTRY ELEMENTS (KOHA) | |
| Source of classification or shelving scheme | Dewey Decimal Classification |
| Koha item type | Khmer Books |
| Suppress in OPAC | No |
| Withdrawn status | Lost status | Source of classification or shelving scheme | Damaged status | Not for loan | Collection | Home library | Current library | Shelving location | Date acquired | Total Checkouts | Full call number | Barcode | Date last seen | Copy number | Price effective from | Koha item type |
|---|---|---|---|---|---|---|---|---|---|---|---|---|---|---|---|---|
| Withdrawn | Dewey Decimal Classification | Damaged | Khmer-English Bilingual / ភាសាខ្មែរ-អង់គ្លេស | Footprints International School Library Network Toul Kork Campus | Footprints International School Library Network Toul Kork Campus | TK Old Khmer Books (Rear Hallway Shelf 3) | 09/03/2025 | VIB 495.91 PZ7 | FISTK03475 | 09/03/2025 | 1 | 09/03/2025 | Khmer Books | |||
| Dewey Decimal Classification | Khmer-English Bilingual / ភាសាខ្មែរ-អង់គ្លេស | Footprints International School Library Network Toul Kork Campus | Footprints International School Library Network Toul Kork Campus | TK Old Khmer Books (Rear Hallway Shelf 3) | 10/16/2025 | VIB 495.91 PZ7 | FISTK03474 | 10/16/2025 | 2 | 10/16/2025 | Khmer Books |
